00387nam a22001337a 450000500170000000800410001704100130005808200120007110000130008324500460009626000520014230000330019465000260022720240422141115.0240422b |||||||| |||| 00| 0 eng d aEnglish  a349 LAW lEnglish  aThe Law Reports : Queen's Bench Division  aLondon : bWilliam Clowes and Sons Ltd, c1898  bxxviii, 942 pages; c25 cm.  aLegal practice bLaw